Problems involved in standardizing state normal schools (Record no. 1362311)

MARC details
000 -LEADER
fixed length control field 00693nam a2200217Ia 4500
005 - DATE AND TIME OF LATEST TRANSACTION
control field 20250508160147.0
008 - FIXED-LENGTH DATA ELEMENTS--GENERAL INFORMATION
fixed length control field 008 250505s9999 xx 000 0 eng d
037 ## - SOURCE OF ACQUISITION
Stock number Books to be hide in OPAC
040 ## - CATALOGING SOURCE
Original cataloging agency FEDL
Language of cataloging eng
Transcribing agency FEDL
041 ## - LANGUAGE CODE
Language code of text/sound track or separate title eng
Source of code eng
084 ## - COLON CLASSIFICATION NUMBER
Assigning agency FEDL
100 ## - MAIN ENTRY--PERSONAL NAME
Personal name Judd Charles Hubhard
9 (RLIN) 768008
245 #0 - TITLE STATEMENT
Title Problems involved in standardizing state normal schools
245 #0 - TITLE STATEMENT
Statement of responsibility, etc. Department of the Interior. Education, (Bureau of ...)
260 ## - PUBLICATION, DISTRIBUTION, ETC.
Place of publication, distribution, etc. Washington, USA
Name of publisher, distributor, etc. U.S. Government Printing Office
Date of publication, distribution, etc. 1916
300 ## - PHYSICAL DESCRIPTION
Extent 141p
546 ## - LANGUAGE NOTE
Language note Bulletin, 1916, No 12; Weeded out
700 ## - ADDED ENTRY--PERSONAL NAME
Personal name Parker Samuel Chester
9 (RLIN) 768009
942 ## - ADDED ENTRY ELEMENTS (KOHA)
Koha item type Books to be hide in OPAC
Holdings
Withdrawn status Lost status Damaged status Not for loan Home library Current library Date acquired Total Checkouts Barcode Date last seen Price effective from Koha item type
        Department of Education Library Department of Education Library 2025-05-08   EL0048323 2025-05-08 2025-05-08 Books to be hide in OPAC
Copyright @ Delhi University Library System